Football: Les pays vainqueurs de la Copa America de 1916 à 2021 - Statistiques

Statistiques générales
  • Ce quiz a été pris 4 169 fois
  • Le résultat moyen est 43 sur 45
Statistiques - réponses
Année Vainqueurs Victoires % Correct
1921 Argentine 1
100%
1925 Argentine 2
100%
1927 Argentine 3
100%
1929 Argentine 4
100%
1937 Argentine 5
100%
1941 Argentine 6
100%
1945 Argentine 7
100%
1946 Argentine 8
100%
1947 Argentine 9
100%
1955 Argentine 10
100%
1957 Argentine 11
100%
1959 (1) Argentine 12
100%
1991 Argentine 13
100%
1993 Argentine 14
100%
1919 Brésil 1
100%
1922 Brésil 2
100%
1949 Brésil 3
100%
1989 Brésil 4
100%
1997 Brésil 5
100%
1999 Brésil 6
100%
2004 Brésil 7
100%
2007 Brésil 8
100%
2015 Chili 1
95%
2016 Chili 2
95%
1916 Uruguay 1
95%
1917 Uruguay 2
95%
1920 Uruguay 3
95%
1923 Uruguay 4
95%
1924 Uruguay 5
95%
1926 Uruguay 6
95%
1935 Uruguay 7
95%
1942 Uruguay 8
95%
1956 Uruguay 9
95%
1959 (2) Uruguay 10
95%
1967 Uruguay 11
95%
1983 Uruguay 12
95%
1987 Uruguay 13
95%
1995 Uruguay 14
95%
2011 Uruguay 15
95%
2001 Colombie 1
90%
1939 Pérou 1
75%
1975 Pérou 2
75%
1953 Paraguay 1
72%
1979 Paraguay 2
72%
1963 Bolivie 1
68%
Aucun quiz correspondant
Distribution des résultats
% des personnes avec chaque résultat
Percentile par nombre de réponses
Votre historique - résultats
Vous n’avez pas pris ce quiz